<?xml version="1.0" encoding="UTF-8"?>
<record
    xmlns:xsi="http://www.w3.org/2001/XMLSchema-instance"
    xsi:schemaLocation="http://www.loc.gov/MARC21/slim http://www.loc.gov/standards/marcxml/schema/MARC21slim.xsd"
    xmlns="http://www.loc.gov/MARC21/slim">

  <leader>00610nam a22001937a 4500</leader>
  <datafield tag="999" ind1=" " ind2=" ">
    <subfield code="c">180177</subfield>
    <subfield code="d">180177</subfield>
  </datafield>
  <controlfield tag="005">20210728105927.0</controlfield>
  <datafield tag="010" ind1=" " ind2=" ">
    <subfield code="a">B-740661</subfield>
  </datafield>
  <datafield tag="020" ind1=" " ind2=" ">
    <subfield code="c">40.00</subfield>
    <subfield code="a">8172290519</subfield>
  </datafield>
  <datafield tag="035" ind1=" " ind2=" ">
    <subfield code="a">B-7406661</subfield>
  </datafield>
  <datafield tag="037" ind1=" " ind2=" ">
    <subfield code="b">Gift</subfield>
  </datafield>
  <datafield tag="082" ind1=" " ind2=" ">
    <subfield code="a">370</subfield>
  </datafield>
  <datafield tag="100" ind1=" " ind2=" ">
    <subfield code="a">Gandhi, M. K.</subfield>
  </datafield>
  <datafield tag="245" ind1=" " ind2=" ">
    <subfield code="a">The law and the lawyers /</subfield>
    <subfield code="c">by M. K. Gandhi ; compiled and edited by S. B. Kher</subfield>
  </datafield>
  <datafield tag="260" ind1=" " ind2=" ">
    <subfield code="b">Navajivan Publishing House</subfield>
    <subfield code="c">2004</subfield>
    <subfield code="a">Ahmedabad</subfield>
  </datafield>
  <datafield tag="300" ind1=" " ind2=" ">
    <subfield code="a">xxviii, 300p.</subfield>
    <subfield code="c">18cm(pbk)</subfield>
  </datafield>
  <datafield tag="700" ind1=" " ind2=" ">
    <subfield code="a">Kher, S.B.</subfield>
  </datafield>
  <datafield tag="942" ind1=" " ind2=" ">
    <subfield code="2">ddc</subfield>
    <subfield code="c">EN</subfield>
    <subfield code="h">370</subfield>
    <subfield code="m">GAN</subfield>
  </datafield>
  <datafield tag="952" ind1=" " ind2=" ">
    <subfield code="0">0</subfield>
    <subfield code="1">0</subfield>
    <subfield code="4">0</subfield>
    <subfield code="7">0</subfield>
    <subfield code="8">NFIC</subfield>
    <subfield code="a">L</subfield>
    <subfield code="b">L</subfield>
    <subfield code="d">2021-07-28</subfield>
    <subfield code="e">Gift/Eng/07-07-2021</subfield>
    <subfield code="g">40.00</subfield>
    <subfield code="l">1</subfield>
    <subfield code="o">370 GAN</subfield>
    <subfield code="p">B-740661</subfield>
    <subfield code="r">2021-11-06 00:00:00</subfield>
    <subfield code="s">2021-10-22</subfield>
    <subfield code="t">1</subfield>
    <subfield code="v">40.00</subfield>
    <subfield code="w">2021-07-28</subfield>
    <subfield code="y">EN</subfield>
    <subfield code="z">GIft</subfield>
  </datafield>
</record>
